[Event "New Zealand Open"]
[Site "Devonport, Auckland NZL"]
[Date "2016.01.04"]
[EventDate "2016.01.02"]
[Round "3.14"]
[Result "1/2-1/2"]
[White "Gino Thornton"]
[Black "William Xiang Wei Li"]
[WhiteElo "2207"]
[BlackElo "2030"]
[PlyCount "142"]

1. Nf3 Nf6 2. g3 c5 3. c4 g6 4. Bg2 Bg7 5. Nc3 O-O 6. O-O d5
7. d3 d4 8. Nb5 a6 9. Na3 Nc6 10. Nc2 e5 11. Rb1 a5 12. Na3
Re8 13. Bg5 h6 14. Bxf6 Qxf6 15. Nb5 Qd8 16. Nd2 f5 17. Nb3
Bf8 18. e3 Na7 19. Na3 Rb8 20. exd4 exd4 21. Re1 b6 22. Bd5+
Kh7 23. Qf3 Bd7 24. Nc2 Qf6 25. Nd2 Bg7 26. Rxe8 Rxe8 27. Re1
Nc6 28. Rxe8 Bxe8 29. Qe2 Qe5 30. Kf1 g5 31. Qxe5 Nxe5 32. Ne1
g4 33. Ke2 Bf6 34. a3 a4 35. Be6 Kg6 36. Ng2 Bg5 37. Bd5 Kf6
38. Ne1 Bd7 39. Bb7 b5 40. Ba6 bxc4 41. dxc4 Be6 42. Nd3 Bxd2
43. Nxe5 Kxe5 44. Kxd2 Bd7 45. Bb7 f4 46. Kd3 f3 47. Kd2 h5
48. Kd3 Bf5+ 49. Kd2 Kd6 50. Ba8 Ke5 51. Bc6 Be6 52. Bxa4 Bxc4
53. Be8 Be6 54. Bxh5 c4 55. Bg6 Kd6 56. Be8 Kc5 57. Ba4 Kb6
58. Kc1 Ka5 59. Be8 Kb6 60. Bg6 Ka5 61. Bc2 Kb5 62. Bd1 Kc5
63. Ba4 Kb6 64. Be8 Kc5 65. Kd2 Kb6 66. Ba4 Ka5 67. Bd1 Bd5
68. Kc1 Kb5 69. Bc2 Be6 70. Be4 Kc5 71. Kd2 Kb5 1/2-1/2

[Event "New Zealand Open"]
[Site "Devonport, Auckland NZL"]
[Date "2016.01.04"]
[EventDate "2016.01.02"]
[Round "3.15"]
[Result "0-1"]
[White "Leo Zhu"]
[Black "Tim Reilly"]
[WhiteElo "1989"]
[BlackElo "2203"]
[PlyCount "34"]

1. e4 d6 2. d4 g6 3. Nc3 Bg7 4. f4 a6 5. Nf3 b5 6. a3 Nd7
7. Bd3 c5 8. Be3 Bb7 9. O-O Ngf6 10. e5 Ng4 11. Qe2 Nxe3
12. Qxe3 cxd4 13. Nxd4 dxe5 14. fxe5 Nxe5 15. Qf4 O-O 16. Rad1
Nxd3 17. Rxd3 e5 0-1

[Event "New Zealand Open"]
[Site "Devonport, Auckland NZL"]
[Date "2016.01.04"]
[EventDate "2016.01.02"]
[Round "3.16"]
[Result "1-0"]
[White "Hans Gao"]
[Black "Roger L Perry"]
[WhiteElo "2183"]
[BlackElo "2005"]
[PlyCount "67"]

1. e4 c5 2. Nf3 d6 3. d4 cxd4 4. Nxd4 Nf6 5. Nc3 g6 6. Be2 Bg7
7. Be3 O-O 8. f4 Nc6 9. Nb3 Be6 10. g4 Rc8 11. f5 Bxb3
12. axb3 Ne5 13. g5 Rxc3 14. bxc3 Nxe4 15. Bd4 a6 16. fxg6
fxg6 17. h4 Ng3 18. Rh3 Nxe2 19. Qxe2 Qd7 20. Qg2 Qf5
21. O-O-O b5 22. Rhh1 Qf3 23. Qd2 Qc6 24. h5 Nf3 25. Qd3 e5
26. Be3 e4 27. Qd5+ Qxd5 28. Rxd5 Be5 29. hxg6 hxg6 30. Bd4
Nxd4 31. cxd4 Bf4+ 32. Kd1 Kf7 33. c4 Rc8 34. Rf1 1-0

[Event "New Zealand Open"]
[Site "Devonport, Auckland NZL"]
[Date "2016.01.04"]
[EventDate "2016.01.02"]
[Round "3.17"]
[Result "1/2-1/2"]
[White "William F Forster"]
[Black "Reyk Schaefer"]
[WhiteElo "1975"]
[BlackElo "2134"]
[PlyCount "117"]

1. d4 Nf6 2. c4 g6 3. Nc3 d5 4. cxd5 Nxd5 5. e4 Nxc3 6. bxc3
Bg7 7. Nf3 c5 8. Rb1 O-O 9. Be2 Nc6 10. d5 Ne5 11. Nd2 f5
12. f4 Nf7 13. e5 Qxd5 14. O-O Qxa2 15. Bc4 Qa5 16. Nb3 Qb6
17. Qd5 e6 18. Qxc5 Qxc5+ 19. Nxc5 Nd8 20. Ba3 b6 21. Na6 Rf7
22. Rfd1 Bxa6 23. Bxa6 Bf8 24. Bxf8 Kxf8 25. Rd6 Re7 26. Rbd1
Nf7 27. Rd7 Rae8 28. R7d3 Rc7 29. c4 Ke7 30. Kf2 Rd8 31. Bb5
Rxd3 32. Rxd3 Nd8 33. Rh3 Kf8 34. Rd3 Nb7 35. Ke3 Nc5 36. Rd8+
Kg7 37. Ra8 Kh6 38. g3 Kh5 39. h3 Kh6 40. Kf3 Kg7 41. Ke3 Rf7
42. Kf3 Rc7 43. Ke3 Kh6 44. Kf3 a5 45. Kg2 Kg7 46. Kf3 h6
47. Kg2 g5 48. Kf3 gxf4 49. gxf4 Kh7 50. h4 Re7 51. h5 Rc7
52. Kf2 Ne4+ 53. Ke3 Nc5 54. Kf2 Re7 55. Ke3 Rb7 56. Bc6 Rc7
57. Bb5 Rg7 58. Be8 Rc7 59. Bb5 1/2-1/2

[Event "New Zealand Open"]
[Site "Devonport, Auckland NZL"]
[Date "2016.01.04"]
[EventDate "2016.01.02"]
[Round "3.18"]
[Result "1/2-1/2"]
[White "Eric Moskow"]
[Black "Nathan Goodhue"]
[WhiteElo "2127"]
[BlackElo "1990"]
[PlyCount "164"]

1. Nf3 f5 2. g3 Nf6 3. Bg2 g6 4. c4 Bg7 5. Nc3 O-O 6. O-O d6
7. d3 e5 8. Rb1 Nc6 9. b4 h6 10. b5 Ne7 11. a4 Be6 12. Ba3 g5
13. c5 g4 14. cxd6 cxd6 15. Nd2 Rc8 16. Rc1 Qd7 17. Nc4 Ne8
18. Qd2 Rf7 19. Na5 Rb8 20. Qe3 Nc8 21. Nd5 Qd8 22. Nc4 b6
23. Nb4 Ne7 24. Nc6 Nxc6 25. Bxc6 Bxc4 26. dxc4 Rf6 27. Rfd1
Qc7 28. Qd3 Bf8 29. Qd5+ Qf7 30. Qxf7+ Kxf7 31. Bb4 Ke6
32. Ra1 Rg6 33. a5 Nc7 34. axb6 axb6 35. Ra7 Rg7 36. Kg2 Rf7
37. h3 Rg7 38. hxg4 fxg4 39. Bd2 Ne8 40. Rxg7 Bxg7 41. Ra1 Nf6
42. Ra7 Bf8 43. e4 h5 44. Be3 Be7 45. Kf1 Bd8 46. Ke2 Be7
47. Kd3 Bd8 48. Bg5 Nxe4 49. Bd7+ Kf7 50. Kxe4 Bxg5 51. Bxg4+
Kf6 52. Bxh5 Bd2 53. f4 exf4 54. gxf4 Rf8 55. Rb7 Ba5 56. f5
Kg5 57. Bg6 Rc8 58. Bf7 Rc5 59. Be6 Re5+ 60. Kd4 Kf6 61. Rf7+
Kg5 62. Rg7+ Kf6 63. Rb7 Kg5 64. Rb8 Kf6 65. Kd3 Kg5 66. Kc2
Kf6 67. Kb3 Re3+ 68. Ka4 Ke5 69. Rd8 Re1 70. Kb3 Rb1+ 71. Kc2
Rf1 72. Rf8 Bb4 73. Re8 Kf6 74. Bd7 Rf4 75. Kd3 Bc5 76. Re2
Rd4+ 77. Kc3 Rh4 78. Rg2 Rh3+ 79. Kc2 Rh4 80. Be6 Rf4 81. Kd3
Rd4+ 82. Ke2 Rf4 1/2-1/2

[Event "New Zealand Open"]
[Site "Devonport, Auckland NZL"]
[Date "2016.01.04"]
[EventDate "2016.01.02"]
[Round "3.19"]
[Result "1-0"]
[White "Hilton P Bennett"]
[Black "John Duneas"]
[WhiteElo "1958"]
[BlackElo "2110"]
[PlyCount "93"]

1. e4 e6 2. d4 d5 3. Nc3 Nf6 4. Bg5 Be7 5. e5 Nfd7 6. h4 O-O
7. Bd3 c5 8. Nh3 f6 9. Qh5 f5 10. Nb5 cxd4 11. Bf4 Rf7 12. Ng5
Bxg5 13. hxg5 g6 14. Qh2 Nc6 15. O-O-O Nc5 16. Nd6 Re7 17. g4
Nxd3+ 18. Rxd3 fxg4 19. Rg3 a6 20. Rxg4 b5 21. Rh4 Raa7
22. Qh3 Rg7 23. Qa3 Bd7 24. Qh3 Qe7 25. Qg3 Rc7 26. Bd2 b4
27. f4 a5 28. Nb5 Rb7 29. Nd6 Rb8 30. Qd3 Bc8 31. Kb1 a4
32. Qh3 Ba6 33. Qf3 Bc4 34. Nxc4 dxc4 35. Qxc6 c3 36. Bc1 d3
37. cxd3 b3 38. Qxc3 bxa2+ 39. Kxa2 Qd7 40. d4 Rc8 41. Qd3
Qd5+ 42. Kb1 Rc4 43. Rxh7 a3 44. Rh8+ Kf7 45. Qxa3 Qe4+
46. Ka1 Qc6 47. Rf8# 1-0

[Event "New Zealand Open"]
[Site "Devonport, Auckland NZL"]
[Date "2016.01.04"]
[EventDate "2016.01.02"]
[Round "3.20"]
[Result "1-0"]
[White "Tony Dowden"]
[Black "Stanley Yee"]
[WhiteElo "2088"]
[BlackElo "1975"]
[PlyCount "83"]

1. g3 Nf6 2. f4 c5 3. Nf3 b6 4. Bg2 Bb7 5. d3 d5 6. O-O g6
7. Qe1 Bg7 8. h3 O-O 9. Nh4 e6 10. c3 Nc6 11. Na3 Qd7 12. g4
d4 13. c4 Ne7 14. Nf3 Nc6 15. Qh4 Ne7 16. Bd2 a6 17. Rab1 Nc6
18. Nc2 a5 19. a3 Qc7 20. Rbd1 Nd7 21. f5 exf5 22. gxf5 gxf5
23. Bh6 Qd6 24. Bf4 Qg6 25. Kh1 Nce5 26. Rf2 Nxf3 27. Bxf3
Bxf3+ 28. Rxf3 Kh8 29. Rg1 Qf6 30. Qh5 Rg8 31. Rg5 Raf8
32. Rfg3 Ne5 33. e4 dxe3 34. Rxf5 Qc6+ 35. Kh2 Ng6 36. Nxe3
Nxf4 37. Rxf4 Qe6 38. Re4 Qd6 39. Nf5 Qd7 40. Qxh7+ Kxh7
41. Rh4+ Bh6 42. Rxh6# 1-0

[Event "New Zealand Open"]
[Site "Devonport, Auckland NZL"]
[Date "2016.01.04"]
[EventDate "2016.01.02"]
[Round "3.21"]
[Result "1/2-1/2"]
[White "Leo Zhang"]
[Black "Jack James"]
[WhiteElo "2087"]
[BlackElo "1935"]
[PlyCount "36"]

1. d4 Nf6 2. c4 e5 3. dxe5 Ng4 4. Bf4 Nc6 5. Nf3 Bb4+ 6. Nbd2
Qe7 7. a3 Ngxe5 8. Nxe5 Nxe5 9. e3 Bxd2+ 10. Qxd2 d6 11. Be2
O-O 12. O-O a5 13. b3 b6 14. Rfe1 Bb7 15. Bf1 f5 16. Rad1 g5
17. Bxe5 Qxe5 18. Qd4 Rae8 1/2-1/2

[Event "New Zealand Open"]
[Site "Devonport, Auckland NZL"]
[Date "2016.01.04"]
[EventDate "2016.01.02"]
[Round "3.22"]
[Result "1/2-1/2"]
[White "Matthew McNabb"]
[Black "Layla Timergazi"]
[WhiteElo "2083"]
[BlackElo "1915"]
[PlyCount "62"]

1. Nf3 Nf6 2. c4 g6 3. Nc3 Bg7 4. b4 d6 5. Bb2 O-O 6. g3 e5
7. Bg2 Nc6 8. Qb3 Re8 9. O-O e4 10. Ng5 Nd4 11. Qd1 Bf5 12. f3
exf3 13. Nxf3 Nc2 14. Rc1 Nxb4 15. Qb3 Na6 16. Qxb7 Nc5
17. Qb4 Rb8 18. Qa3 Nfe4 19. d4 Nxc3 20. Bxc3 Ne4 21. Ba1 Bh6
22. d5 Bxc1 23. Qxc1 c5 24. Qh6 f6 25. Nh4 Qe7 26. Nxf5 gxf5
27. Bxe4 Qxe4 28. Qxf6 Qe3+ 29. Kh1 Qe4+ 30. Kg1 Qe3+ 31. Kh1
Qe4+ 1/2-1/2

[Event "New Zealand Open"]
[Site "Devonport, Auckland NZL"]
[Date "2016.01.04"]
[EventDate "2016.01.02"]
[Round "3.23"]
[Result "1-0"]
[White "Sean Watharow"]
[Black "Michael Klyszcz"]
[WhiteElo "1913"]
[BlackElo "1979"]
[PlyCount "79"]

1. e4 d5 2. exd5 Qxd5 3. Nc3 Qa5 4. Nf3 Nf6 5. Be2 Bg4 6. O-O
e6 7. d4 Nbd7 8. Ne5 Nxe5 9. dxe5 Rd8 10. Qe1 Bxe2 11. Qxe2
Nd5 12. Ne4 Be7 13. Bd2 Qa4 14. c4 Nb4 15. Qg4 Kf8 16. Bc3 h5
17. Qh3 Qc6 18. Nd2 Rd3 19. f3 Nc2 20. Rac1 Ne3 21. Rfe1 Nxc4
22. Nxc4 Qxc4 23. Kh1 Qd5 24. Rf1 Rh6 25. Rce1 b5 26. Re4 c5
27. Be1 Qxa2 28. Bh4 g5 29. Bf2 g4 30. Rxg4 Qxb2 31. Re4 Qb3
32. Rfe1 a5 33. Be3 Rg6 34. Qxh5 Ke8 35. Qh8+ Bf8 36. Bxc5
Rxf3 37. Qxf8+ Kd7 38. Rc1 Rc3 39. Rd4+ Kc6 40. Qd6+ 1-0

[Event "New Zealand Open"]
[Site "Devonport, Auckland NZL"]
[Date "2016.01.04"]
[EventDate "2016.01.02"]
[Round "3.24"]
[Result "1-0"]
[White "Karl Kai Zhu"]
[Black "Allen Chi Zhou Fan"]
[WhiteElo "1996"]
[BlackElo "1825"]
[PlyCount "75"]

1. e4 Nf6 2. e5 Nd5 3. d4 d6 4. c4 Nb6 5. exd6 exd6 6. Nc3 Be7
7. Qf3 Nc6 8. Be3 Be6 9. c5 dxc5 10. dxc5 Nc4 11. Bxc4 Bxc4
12. Rd1 Qc8 13. Qf4 Qe6 14. b3 Ba6 15. Nd5 Rc8 16. Nxc7+ Rxc7
17. Qxc7 Bxc5 18. Ne2 Qg4 19. O-O Bxe2 20. Bxc5 Bxd1 21. Re1+
Be2 22. f3 Qe6 23. Kf2 Nd4 24. Bxd4 O-O 25. Rxe2 Qa6 26. Qe5
f6 27. Qe6+ Qxe6 28. Rxe6 Rd8 29. Bxa7 Ra8 30. Bc5 Rxa2+
31. Kg3 Rc2 32. b4 h5 33. Rb6 Kf7 34. Rxb7+ Kg6 35. Bf8 Rb2
36. Rxg7+ Kf5 37. Kh4 Rxb4+ 38. Bxb4 1-0

[Event "New Zealand Open"]
[Site "Devonport, Auckland NZL"]
[Date "2016.01.04"]
[EventDate "2016.01.02"]
[Round "3.25"]
[Result "1/2-1/2"]
[White "L Ross Jackson"]
[Black "Helen Milligan"]
[WhiteElo "1884"]
[BlackElo "1957"]
[PlyCount "67"]

1. d4 Nf6 2. c4 g6 3. f3 Bg7 4. e4 d6 5. Nc3 O-O 6. Bd3 e5
7. d5 Nh5 8. Nge2 f5 9. Be3 f4 10. Bf2 Nd7 11. Qd2 Nc5
12. O-O-O Bd7 13. Bc2 a5 14. Kb1 b6 15. Nc1 Qc8 16. Qe2 Rf7
17. Bxc5 bxc5 18. Ba4 Bxa4 19. Nxa4 Nf6 20. Rd3 Nd7 21. Qc2
Nb6 22. Nxb6 cxb6 23. a4 Bf6 24. Rb3 Bd8 25. Ne2 Qd7 26. Rd3
Bc7 27. Nc3 Raf8 28. Nd1 Bd8 29. Ka2 Kg7 30. Ka3 Kg8 31. Rb3
Kg7 32. Nf2 h5 33. Qe2 Qe7 34. g4 1/2-1/2

[Event "New Zealand Open"]
[Site "Devonport, Auckland NZL"]
[Date "2016.01.04"]
[EventDate "2016.01.02"]
[Round "3.26"]
[Result "1-0"]
[White "Paul Macdonald"]
[Black "Caroline Yan"]
[WhiteElo "1946"]
[BlackElo "1672"]
[PlyCount "91"]

1. g3 e6 2. Bg2 d5 3. c4 c6 4. b3 Nf6 5. Nf3 Nbd7 6. Bb2 a6
7. O-O Be7 8. d3 b5 9. Nbd2 Bb7 10. e4 bxc4 11. bxc4 dxc4
12. Nxc4 Nc5 13. Nfe5 Qc7 14. Bc3 a5 15. Qd2 Bd8 16. Rab1 Bc8
17. Bd4 Be7 18. Rb6 Bd7 19. Rfb1 O-O 20. Qe3 Na6 21. Rb7 Qc8
22. a3 c5 23. Bc3 Rb8 24. Rxb8 Nxb8 25. Nxa5 Nc6 26. Naxc6
Bxc6 27. Nxc6 Qxc6 28. Bxf6 gxf6 29. e5 Qc7 30. exf6 Bxf6
31. Be4 Bg7 32. Rc1 Rc8 33. Rc4 Qa5 34. a4 Qb6 35. Qg5 Qd6
36. d4 h6 37. Qh5 f5 38. Bb7 Rb8 39. dxc5 Qc7 40. c6 Kh7
41. Qe2 e5 42. Qc2 e4 43. Qb3 Be5 44. Qb4 Bd6 45. Qb5 Kg6
46. a5 1-0

[Event "New Zealand Open"]
[Site "Devonport, Auckland NZL"]
[Date "2016.01.04"]
[EventDate "2016.01.02"]
[Round "3.27"]
[Result "1/2-1/2"]
[White "Jasmine Haomo Zhang"]
[Black "Richard Taylor"]
[WhiteElo "1674"]
[BlackElo "1888"]
[PlyCount "61"]

1. d4 Nf6 2. c4 e6 3. Nc3 Bb4 4. Qc2 d5 5. e3 Bxc3+ 6. bxc3 c5
7. Nf3 O-O 8. Bd2 Nc6 9. Rb1 Re8 10. cxd5 exd5 11. Bb5 Ne4
12. Ne5 Qf6 13. O-O Nxe5 14. dxe5 Rxe5 15. f3 Nd6 16. e4 Nxb5
17. Rxb5 b6 18. Rbb1 Qg6 19. Bf4 Re7 20. Qd2 Bb7 21. exd5 Ba6
22. Rfe1 Rae8 23. Bg3 Re2 24. Rbd1 f6 25. Rxe2 Rxe2 26. Qc1
Bb5 27. d6 Bd7 28. a3 h5 29. Re1 Rc2 30. Qe3 h4 31. Bf2
1/2-1/2

[Event "New Zealand Open"]
[Site "Devonport, Auckland NZL"]
[Date "2016.01.04"]
[EventDate "2016.01.02"]
[Round "3.28"]
[Result "0-1"]
[White "Vyanla M Punsalan"]
[Black "Edward Rains"]
[WhiteElo "1356"]
[BlackElo "2016"]
[PlyCount "106"]

1. d4 g6 2. c4 Bg7 3. e3 Nf6 4. Nf3 O-O 5. Nc3 d6 6. Be2 Nbd7
7. O-O c6 8. Re1 e5 9. dxe5 dxe5 10. e4 Qe7 11. Qc2 Nc5
12. Bg5 h6 13. Bh4 g5 14. Bg3 Nfd7 15. Rad1 Ne6 16. h4 Nf4
17. Rd2 Nc5 18. hxg5 hxg5 19. Nh2 Nce6 20. Nf3 Bf6 21. Qd1 Kg7
22. Bf1 Rh8 23. Ne2 g4 24. Nfd4 Nxd4 25. Nxd4 exd4 26. Bxf4
Be5 27. Bxe5+ Qxe5 28. g3 c5 29. Bg2 Be6 30. b3 Rh6 31. Kf1
Rah8 32. Kg1 Qh5 33. Kf1 Qh2 34. Rd3 Rg6 35. Qd2 Rh5 36. Qf4
Rf6 37. Qd2 b6 38. a3 Re5 39. a4 a6 40. Qc1 Bd7 41. Qd2 Bc6
42. a5 bxa5 43. Qe2 Rg6 44. Qd2 Rf6 45. Qe2 Qh5 46. Rd2 Rfe6
47. Qd3 f5 48. Kg1 fxe4 49. Qb1 Rh6 50. Rxe4 Rxe4 51. Qxe4
Bxe4 52. Bxe4 Re6 53. Re2 Qe8 0-1

[Event "New Zealand Open"]
[Site "Devonport, Auckland NZL"]
[Date "2016.01.04"]
[EventDate "2016.01.02"]
[Round "3.29"]
[Result "1/2-1/2"]
[White "Alan Wolstencroft"]
[Black "Philip I Hair"]
[WhiteElo "1796"]
[BlackElo "1932"]
[PlyCount "88"]

1. e4 g6 2. d4 Bg7 3. c4 d6 4. Nc3 c6 5. Be3 a6 6. Qd2 b5
7. cxb5 axb5 8. Bd3 b4 9. Nd1 Ba6 10. Bxa6 Nxa6 11. Ne2 Nf6
12. f3 Nd7 13. Bh6 Bxh6 14. Qxh6 e5 15. Ne3 Nc7 16. Qg7 Ke7
17. Nc4 Ne6 18. Qh6 Nxd4 19. Nxd4 exd4 20. Qf4 Nc5 21. O-O Ne6
22. Qg3 f6 23. f4 d5 24. exd5 cxd5 25. Nd2 f5 26. Qb3 Qd6
27. Rae1 Kf6 28. g3 Rhd8 29. Nf3 Qc5 30. Kg2 Qc4 31. Qd1 d3
32. Kh3 Rxa2 33. Rf2 b3 34. Ne5 Qc5 35. Nxd3 Qb6 36. Rfe2 Rd6
37. Ne5 Ra6 38. Nd7+ Rxd7 39. Rxe6+ Qxe6 40. Rxe6+ Rxe6
41. Qxb3 d4 42. Qb4 Kf7 43. Qb5 Ree7 44. Qc4+ Kg7 1/2-1/2

[Event "New Zealand Open"]
[Site "Devonport, Auckland NZL"]
[Date "2016.01.04"]
[EventDate "2016.01.02"]
[Round "3.30"]
[Result "1-0"]
[White "Joy Shu Yan Qin"]
[Black "Bernard Alan Carpinter"]
[WhiteElo "1685"]
[BlackElo "1928"]
[PlyCount "55"]

1. e4 e5 2. Nf3 Nc6 3. Bb5 a6 4. Ba4 Nf6 5. d3 b5 6. Bb3 Bc5
7. c3 O-O 8. O-O d6 9. Re1 Bb6 10. h3 Re8 11. Qe2 Ne7 12. Bg5
Ng6 13. Be3 Rb8 14. Nbd2 d5 15. exd5 Nxd5 16. Bxb6 Rxb6 17. d4
Ngf4 18. Qd1 Rg6 19. g3 Nd3 20. Re2 Nxb2 21. Qc2 Nc4 22. Nxc4
bxc4 23. Bxc4 Nf4 24. Re3 exd4 25. Rxe8+ Qxe8 26. Re1 Qc6
27. Bxf7+ Kxf7 28. Ne5+ 1-0

[Event "New Zealand Open"]
[Site "Devonport, Auckland NZL"]
[Date "2016.01.04"]
[EventDate "2016.01.02"]
[Round "3.31"]
[Result "1/2-1/2"]
[White "Christopher Benson"]
[Black "Hikaru Oka"]
[WhiteElo "1920"]
[BlackElo "1449"]
[PlyCount "47"]

1. e4 e5 2. Nf3 Nc6 3. Bc4 Bc5 4. b4 Bxb4 5. c3 Ba5 6. d4 exd4
7. Qb3 Qe7 8. O-O Nf6 9. Ba3 d6 10. e5 Ne4 11. exd6 cxd6
12. Re1 O-O 13. Bd3 Bf5 14. Bxe4 Bxe4 15. Nbd2 Bc2 16. Rxe7
Bxb3 17. Rxb7 Bd5 18. Rb5 dxc3 19. Rxd5 cxd2 20. Nxd2 Bc7
21. Nc4 Ne7 22. Rd2 Rfd8 23. Rad1 Nc8 24. h3 1/2-1/2

[Event "New Zealand Open"]
[Site "Devonport, Auckland NZL"]
[Date "2016.01.04"]
[EventDate "2016.01.02"]
[Round "3.32"]
[Result "0-1"]
[White "Louie Wei"]
[Black "Leighton Nicholls"]
[WhiteElo "1669"]
[BlackElo "1910"]
[PlyCount "104"]

1. d4 Nf6 2. f4 d5 3. Nf3 Bf5 4. e3 e6 5. Bd3 c5 6. c3 Nc6
7. O-O Bd6 8. Qc2 g6 9. Nbd2 Rc8 10. Bxf5 gxf5 11. Qd1 Ne4
12. Nxe4 fxe4 13. Ne5 Qh4 14. Bd2 h5 15. Be1 Qf6 16. Qb3 Rc7
17. Nxc6 bxc6 18. Qd1 Kd7 19. Rc1 c4 20. Qe2 Qg6 21. Bh4 f6
22. Qe1 Rg8 23. Rc2 Kc8 24. Qf2 Rcg7 25. Bg3 Qg4 26. Kh1 Qf5
27. Qe1 Rf8 28. Kg1 Qh7 29. Rcf2 h4 30. Bxh4 Qxh4 31. g3 Qh5
32. Qe2 Rh8 33. Qxh5 Rxh5 34. Rg2 Kd7 35. Rgf2 Ke7 36. Kg2
Rhh7 37. Re2 e5 38. fxe5 fxe5 39. dxe5 Bxe5 40. Ref2 Rf7
41. Rxf7+ Rxf7 42. Rxf7+ Kxf7 43. Kf2 a5 44. Ke2 Kf6 45. Kf2
a4 46. a3 c5 47. Ke2 Kf5 48. Kf2 d4 49. exd4 cxd4 50. cxd4
Bxd4+ 51. Ke2 Bxb2 52. Ke3 c3 0-1

[Event "New Zealand Open"]
[Site "Devonport, Auckland NZL"]
[Date "2016.01.04"]
[EventDate "2016.01.02"]
[Round "3.33"]
[Result "1/2-1/2"]
[White "P Wayne Power"]
[Black "Eva Lourenco"]
[WhiteElo "1889"]
[BlackElo "1306"]
[PlyCount "75"]

1. d4 Nf6 2. c4 g6 3. Nc3 Bg7 4. e4 d6 5. Be2 O-O 6. Be3 e5
7. d5 c6 8. Qd2 cxd5 9. cxd5 a6 10. h3 Nbd7 11. g4 b5 12. a3
Nc5 13. Qc2 Bd7 14. f3 Rc8 15. Qd1 Na4 16. Nxa4 bxa4 17. Qd2
Bb5 18. Bxb5 axb5 19. Ne2 Rc4 20. h4 h5 21. gxh5 Nxh5 22. Bg5
Bf6 23. Nc3 Bxg5 24. hxg5 Qd7 25. Qh2 Kg7 26. Qf2 Rh8
27. O-O-O b4 28. axb4 Rxb4 29. Rd2 Rb3 30. Nb1 Qb5 31. Kd1 Qb4
32. Rh2 Rc8 33. Qa7 Qc4 34. Nc3 Qf1+ 35. Kc2 Qc4 36. Qe3 Rcb8
37. Kd1 a3 38. Qe2 1/2-1/2

[Event "New Zealand Open"]
[Site "Devonport, Auckland NZL"]
[Date "2016.01.05"]
[EventDate "2016.01.02"]
[Round "4.2"]
[Result "1/2-1/2"]
[White "Michael Steadman"]
[Black "Alexandr Hilario Takeda dos Santos Fier"]
[WhiteElo "2252"]
[BlackElo "2607"]
[PlyCount "133"]

1. d4 Nf6 2. c4 e6 3. Nf3 c5 4. d5 exd5 5. cxd5 d6 6. Nc3 g6
7. Bf4 a6 8. a4 Bg7 9. h3 O-O 10. e3 Qe7 11. Be2 Nbd7 12. O-O
Ne8 13. Bg3 f5 14. Qc2 g5 15. Rfe1 g4 16. hxg4 fxg4 17. Nd2
Ne5 18. Nc4 h5 19. Nb6 Rb8 20. Nxc8 Rxc8 21. Bd3 Qf7 22. Rad1
Nxd3 23. Rxd3 Rc7 24. Ne2 Qf6 25. Rb3 h4 26. Bf4 Re7 27. Rd1
Qf7 28. Rb6 Be5 29. b4 cxb4 30. Rxb4 Nf6 31. Bh6 Rfe8 32. Qf5
Qh7 33. Qxh7+ Rxh7 34. Bg5 a5 35. Rc4 Nd7 36. Rxg4 Rg7 37. f4
Bf6 38. Nd4 Bxd4 39. Rxd4 Rxe3 40. Rxh4 Nc5 41. Rh6 b5
42. axb5 a4 43. Rxd6 a3 44. Rd8+ Kh7 45. Ra8 Ne4 46. d6 Kg6
47. Rxe4 Rxe4 48. Rxa3 Rd4 49. Be7 Kf5 50. Ra2 Rg8 51. b6 Kxf4
52. Kf2 Kf5 53. Rb2 Ke6 54. b7 Rb8 55. Ke3 Ra4 56. Kf3 Ra7
57. Kf4 Rbxb7 58. Rxb7 Rxb7 59. g4 Kf7 60. Kg5 Rb1 61. Kf5
Rb5+ 62. Kf4 Rb4+ 63. Kg3 Rd4 64. Kf3 Ke6 65. Kg3 Kf7 66. Kf3
Ke6 67. Kg3 1/2-1/2

[Event "New Zealand Open"]
[Site "Devonport, Auckland NZL"]
[Date "2016.01.05"]
[EventDate "2016.01.02"]
[Round "4.3"]
[Result "1/2-1/2"]
[White "Qun Ma"]
[Black "Matthieu Cornette"]
[WhiteElo "2606"]
[BlackElo "2591"]
[PlyCount "83"]

1. e4 c5 2. Nf3 Nc6 3. Nc3 g6 4. d4 cxd4 5. Nxd4 Bg7 6. Be3
Nf6 7. Bc4 O-O 8. Bb3 Re8 9. O-O d6 10. h3 Na5 11. Qd3 Nxb3
12. axb3 b6 13. Nd5 Bb7 14. c4 e6 15. Nxf6+ Bxf6 16. Nb5 Re7
17. Bd4 Rd7 18. Bxf6 Qxf6 19. Nc3 g5 20. b4 Qe5 21. Rfe1 Kg7
22. Re3 h6 23. Ra2 Bc6 24. b3 Rad8 25. b5 Ba8 26. Ne2 Qf6
27. Nd4 d5 28. cxd5 Bxd5 29. exd5 Rxd5 30. Nxe6+ Qxe6 31. Qc3+
Qf6 32. Qxf6+ Kxf6 33. Rxa7 Kg6 34. Rf3 Rf8 35. Rc7 Rxb5
36. Rc6+ f6 37. g4 h5 38. Kg2 hxg4 39. hxg4 Rb4 40. Kg3 Kg7
41. Rd3 Rf7 42. f3 1/2-1/2

[Event "New Zealand Open"]
[Site "Devonport, Auckland NZL"]
[Date "2016.01.05"]
[EventDate "2016.01.02"]
[Round "4.4"]
[Result "1/2-1/2"]
[White "Heather Richards"]
[Black "Scott Wastney"]
[WhiteElo "2165"]
[BlackElo "2345"]
[PlyCount "85"]

1. e4 e5 2. Nc3 Nf6 3. g3 Bc5 4. Bg2 Nc6 5. d3 d6 6. Bg5 h6
7. Bxf6 Qxf6 8. Qd2 Be6 9. Nf3 Nd4 10. Nxd4 Bxd4 11. O-O c6
12. Ne2 Bb6 13. a4 a5 14. b4 O-O 15. c4 Bg4 16. b5 Bc5 17. Nc3
Bd4 18. Rab1 g5 19. Nd1 h5 20. Ne3 Be6 21. Qe2 g4 22. Nf5 Bxf5
23. exf5 Qxf5 24. bxc6 bxc6 25. Bxc6 Rab8 26. Rb5 Rxb5
27. cxb5 Kg7 28. Kg2 Qe6 29. Qd2 Bb6 30. Qg5+ Qg6 31. Qxg6+
Kxg6 32. h3 f5 33. f3 gxh3+ 34. Kxh3 f4 35. Be4+ Kg5 36. Rc1
Bc5 37. Rc2 fxg3 38. Kxg3 Rg8 39. Bd5 Rg7 40. Rc4 Kf5+ 41. Kh4
Bf2+ 42. Kh3 Bc5 43. Kh4 1/2-1/2

[Event "New Zealand Open"]
[Site "Devonport, Auckland NZL"]
[Date "2016.01.05"]
[EventDate "2016.01.02"]
[Round "4.5"]
[Result "1-0"]
[White "Gawain Jones"]
[Black "Thorben Koop"]
[WhiteElo "2625"]
[BlackElo "2417"]
[PlyCount "45"]

1. e4 g6 2. d4 Bg7 3. Nc3 c6 4. f4 d5 5. e5 Nh6 6. Nf3 a5
7. h3 Nf5 8. g4 Ng3 9. Rg1 Nxf1 10. Kxf1 f6 11. Be3 O-O
12. Kg2 fxe5 13. fxe5 c5 14. dxc5 Nc6 15. Qxd5+ Qxd5 16. Nxd5
Be6 17. Nc7 Bc4 18. Nxa8 Bd5 19. Raf1 Nxe5 20. Nc7 Bxf3+
21. Kg3 Nc4 22. Rxf3 Be5+ 23. Kf2 1-0

[Event "New Zealand Open"]
[Site "Devonport, Auckland NZL"]
[Date "2016.01.05"]
[EventDate "2016.01.02"]
[Round "4.6"]
[Result "1-0"]
[White "Deimante Daulyte"]
[Black "Hans Gao"]
[WhiteElo "2378"]
[BlackElo "2183"]
[PlyCount "75"]

1. e4 c5 2. Nc3 Nc6 3. Bb5 Nd4 4. Nf3 e6 5. O-O a6 6. Bd3 Nc6
7. b3 g5 8. Bb2 Bg7 9. Qc1 d6 10. Ne2 e5 11. Nc3 g4 12. Ne1
Nge7 13. Qd1 Be6 14. Bc4 Qd7 15. Nd5 Bxd5 16. exd5 Nb4 17. Be2
Nbxd5 18. Bxg4 f5 19. Bf3 O-O-O 20. c4 Nf4 21. b4 Neg6 22. d3
Rhg8 23. Rb1 Nh4 24. Bc1 Bh6 25. Bxf4 Bxf4 26. Bd5 Rg7
27. bxc5 Qe8 28. c6 e4 29. dxe4 fxe4 30. Rxb7 Bxh2+ 31. Kxh2
Rxg2+ 32. Nxg2 Nf3+ 33. Qxf3 exf3 34. Nf4 Qe5 35. Be6+ Rd7
36. Bxd7+ Kd8 37. Kg3 Qg7+ 38. Bg4 1-0

[Event "New Zealand Open"]
[Site "Devonport, Auckland NZL"]
[Date "2016.01.05"]
[EventDate "2016.01.02"]
[Round "4.7"]
[Result "1-0"]
[White "Aleksei Kulashko"]
[Black "Alphaeus Wei Ern Ang"]
[WhiteElo "2341"]
[BlackElo "2136"]
[PlyCount "89"]

1. e4 d5 2. exd5 Qxd5 3. Nf3 Nf6 4. d4 Bg4 5. Be2 e6 6. O-O
Nc6 7. h3 Bxf3 8. Bxf3 Qd7 9. c3 O-O-O 10. b4 e5 11. b5 Nb8
12. dxe5 Qxb5 13. Qb3 Qxb3 14. axb3 Nfd7 15. Rxa7 c6 16. Bf4
Bc5 17. Ra8 Bb6 18. Nd2 Bc7 19. Nc4 b5 20. Nd6+ Bxd6 21. exd6
Kb7 22. Rfa1 Nc5 23. R1a7+ Kb6 24. b4 Nbd7 25. bxc5+ Nxc5
26. Rxd8 Rxd8 27. Rc7 Ne6 28. Rxc6+ Ka5 29. Bg3 b4 30. cxb4+
Kxb4 31. Bg4 Kb5 32. Rc1 Nd4 33. Rc8 Rxc8 34. Bxc8 Kc6 35. Be5
Ne6 36. Bxe6 fxe6 37. Kf1 g5 38. Ke2 h5 39. Ke3 g4 40. hxg4 h4
41. g5 h3 42. gxh3 Kd5 43. d7 Kxe5 44. d8=Q Kf5 45. Qf6# 1-0